Southville International School and Colleges
Your cart is empty.
  • Cart
  • Lists
    Public lists Eva Luna New books Lux_list list_1
    Your lists Log in to create your own lists
  • Log in to your account
  • Your cookies
  • Search history
Southville International School and Colleges
  • Advanced search
  • Recent comments
  • Most popular
  • Libraries

Log in to your account

Log in with GOOGLE


If you do not have an external account, but do have a local account, you can still log in:

  1. Home
  2. MARC view: Civil Code of the Philippines annotated /
Normal view MARC view ISBD view

Civil Code of the Philippines annotated / (Record no. 290462)

[ view plain ]
MARC details
000 -LEADER
fixed length control field 01244nam a2200313 a 4500
001 - CONTROL NUMBER
control field 4393448
003 - CONTROL NUMBER IDENTIFIER
control field PILC
005 - DATE AND TIME OF LATEST TRANSACTION
control field 20160204074310.0
008 - FIXED-LENGTH DATA ELEMENTS--GENERAL INFORMATION
fixed length control field 920227m19891990ph l 000 0 eng
010 ## - LIBRARY OF CONGRESS CONTROL NUMBER
LC control number 91946573
020 ## - INTERNATIONAL STANDARD BOOK NUMBER
International Standard Book Number 9712304205 (v. 1).
040 ## - CATALOGING SOURCE
Original cataloging agency DLC
Transcribing agency DLC
043 ## - GEOGRAPHIC AREA CODE
Geographic area code a-ph---
050 00 - LIBRARY OF CONGRESS CALL NUMBER
Classification number KPM 479.A291
Item number .P223 1989
082 00 - DEWEY DECIMAL CLASSIFICATION NUMBER
Classification number 346.599/002632
-- 345.9906002632
110 1# - MAIN ENTRY--CORPORATE NAME
Corporate name or jurisdiction name as entry element Philippines.
240 10 - UNIFORM TITLE
Uniform title <a href="Civil Code of the Philippines">Civil Code of the Philippines</a>
245 10 - TITLE STATEMENT
Title Civil Code of the Philippines annotated /
Statement of responsibility, etc by Edgardo L. Paras.
250 ## - EDITION STATEMENT
Edition statement 12th edition.
260 ## - PUBLICATION, DISTRIBUTION, ETC. (IMPRINT)
Place of publication, distribution, etc Manila, Philippines :
Name of publisher, distributor, etc Rex Book Store,
Date of publication, distribution, etc 1989.
300 ## - PHYSICAL DESCRIPTION
Extent 5 v., xli, 817 pages;
Dimensions 24 cm.
500 ## - GENERAL NOTE
General note Includes appendices.
505 0# - FORMATTED CONTENTS NOTE
Formatted contents note v. 1. Arts. 1-413 (persons and family relations) -- v. 2. Arts. 414-773 (property) -- v. 3. Arts. 774-1105 (wills and succession) -- v. 4. Arts. 1106-1457 (prescription, obligation, and contracts) -- v. 5. Arts. 1458-2270 (special contracts).
650 #0 - SUBJECT ADDED ENTRY--TOPICAL TERM
Topical term or geographic name as entry element Civil law
Geographic subdivision Philippines.
700 1# - ADDED ENTRY--PERSONAL NAME
Personal name Paras, Edgardo Lardizábal.
906 ## - LOCAL DATA ELEMENT F, LDF (RLIN)
a 7
b cbc
c orignew
d 1
e ncip
f 19
g y-gencatlg
942 ## - ADDED ENTRY ELEMENTS (KOHA)
Source of classification or shelving scheme Library of Congress Classification
Koha item type Books
Holdings
Withdrawn status Lost status Source of classification or shelving scheme Damaged status Home library Current library Shelving location Date acquired Source of acquisition Sub Shelving location Total Checkouts Full call number Barcode Date last seen Date checked out Price effective from Koha item type
    Library of Congress Classification   College Library College Library Filipiniana Section 02/04/2016 Donation   1 KPM 479.A291 .P223 1989 C20374 01/26/2023 11/22/2022 02/04/2016 Books

Civil Code of the Philippines annotated /

APA

Philippines, Paras E. L., . (1989). Civil Code of the Philippines annotated. Manila, Philippines: Rex Book Store.

Chicago

Philippines, Paras Edgardo Lardizábal, . 1989. Civil Code of the Philippines annotated. Manila, Philippines: Rex Book Store.

Harvard

Philippines, Paras E. L., . (1989). Civil Code of the Philippines annotated. Manila, Philippines: Rex Book Store.

MLA

Philippines, Paras Edgardo Lardizábal, . Civil Code of the Philippines annotated. Manila, Philippines: Rex Book Store. 1989.

  • Place hold
  • Print
  • Cite
  • Add to your cart (remove)
  • Save record
    BIBTEX Dublin Core MARCXML MARC (non-Unicode/MARC-8) MARC (Unicode/UTF-8) MARC (Unicode/UTF-8, Standard) MODS (XML) RIS
  • More searches
    Search for this title in:
    Other Libraries (WorldCat) Other Databases (Google Scholar) Online Stores (Bookfinder.com) Open Library (openlibrary.org)

Exporting to Dublin Core...

SOUTHVILLE LIBRARY

Southville International School and Colleges Library

1281 Tropical Ave. Cor. Luxembourg St., BF Homes International, Las Pinas City

Tel. No. 8256374 / 252358 Loc. 117/146

Powered by Koha